000 00663nam a22001817a 4500
005 20251108164651.0
008 250721s1998 xx 000 0 ara d
082 1 4 _a519.53/شحا
100 1 _aعبده، شحادة مصطفى
245 1 0 _aمبادئ الإحصاء الوصفي و الحيوي و التطبيقي و تطبيقات من البيئة الفلسطينية /
264 1 _aنابلس :
_bدار الفاروق للثقافة و النشر،
_c1998.
300 _a533ص
650 1 7 _aنظرية الإحتمالات
650 1 7 _aالإحصاء الرياضي
650 1 7 _aالإحصاء الوصفي
942 _2ddc
_cBK
999 _c11357
_d11357